G12-珲乌高速公路途径行政区 - Statistics

General Stats
  • This quiz has been taken 15 times
  • The average score is 6 of 6
Answer Stats
Answer % Correct
延边州
100%
长春
100%
松原
100%
吉林
92%
白城
83%
兴安盟
83%
No matching quizzes found
Score Distribution
Percent of People with Each Score
Percentile by Number Answered
Your Score History
You have not taken this quiz